000 01471nam0a22003971 4500
001 RU\NLR\A1\22922
005 20260409064351.0
035 _a(NLR Aleph) 009677383
090 _a9688344
_c9688344
100 _a19981120d1787 u y0rusy50 ca
101 1 _alat
102 _aRU
200 1 _aЗлатое сочинение раввина иудейскаго Самуила
_f[Пер. иеромонаха Варлаама]
205 _aНовое изд.
210 _aСПб.
_c[Тип. Богдановича]
_d1787
215 _a100 с.
_d
304 _aПодпись пер. в конце посвящ.
314 _aИзд. П.И.Богдановича.
314 _a"Примечание" подписано: П.Б.
321 1 _aСК XVIII 6278
620 _dСанкт-Петербург
700 0 _7ca
_8rus
_aСамуил Марокканский
_f12 в.
_3RU\NLR\AUTH\770234677
_9234621
702 0 _aВарлаам
_4730
702 1 _4650
_4610
_8rus
_7ca
_aБогданович
_bП. И.
_fок.1750-1803
_gПетр Иванович
_3RU\NLR\AUTH\77100343
_983269
712 0 0 _4610
_aБогданович,
_gП. И.,
_hтипография
_cПетербург
_3RU\NLR\AUTH\880425577
_9515680
801 0 _aRU
_bNLR
_c19981120
852 _aNLR
_j18.103.5.30
852 _aNLR
_j129/559
899 _aРГБ
899 _aБАН
899 _aГПИБ
899 _aНГОНБ
942 _cBOOK
980 _aNB
980 _aA1XVIIIv